Soil Mechanics Level IV Soil Properties/ (Record no. 1065)
[ view plain ]
| 000 -LEADER | |
|---|---|
| fixed length control field | 00314 a2200109 4500 |
| 020 ## - INTERNATIONAL STANDARD BOOK NUMBER | |
| International Standard Book Number | 0712107444 |
| 082 ## - DEWEY DECIMAL CLASSIFICATION NUMBER | |
| Classification number | 624.15136 HAR |
| 100 ## - MAIN ENTRY--PERSONAL NAME | |
| Personal name | Hartley, Alan |
| 245 ## - TITLE STATEMENT | |
| Title | Soil Mechanics Level IV Soil Properties/ |
| Statement of responsibility, etc. | Alan Hartley |
| 260 ## - PUBLICATION, DISTRIBUTION, ETC. | |
| Place of publication, distribution, etc. | Plymouth : |
| Name of publisher, distributor, etc. | Macdonald and Evans, |
| Date of publication, distribution, etc. | 1984 |
| 300 ## - PHYSICAL DESCRIPTION | |
| Extent | vii, 110p. : |
| Other physical details | ill. ; |
| Dimensions | 23 cm |
| 650 ## - SUBJECT ADDED ENTRY--TOPICAL TERM | |
| Topical term or geographic name entry element | Soil Mecahnics |
| Withdrawn status | Lost status | Damaged status | Not for loan | Permanent Location | Current Location | Shelving location | Date acquired | Total Checkouts | Full call number | Barcode | Date last seen | Price effective from | Koha item type |
|---|---|---|---|---|---|---|---|---|---|---|---|---|---|
| School of Civil and Environmental Engineering (SCEE) | School of Civil and Environmental Engineering (SCEE) | 624.15136 HAR | NIT-167 | 01/05/2017 | 01/05/2017 | Book | |||||||
| School of Civil and Environmental Engineering (SCEE) | School of Civil and Environmental Engineering (SCEE) | NIT-168 | 01/05/2017 | 01/05/2017 | Book |
